Daňové priznania k dani z príjmov za rok 2011 praktická príručka pre účtovníkov

Salvato in:
Dettagli Bibliografici
Autore principale: Petrovická, Iveta
Altri autori: Jarinkovičová, Valéria, Sekerková, Ľubica
Natura: Libro
Lingua:slovacco
Pubblicazione: Žilina Poradca podnikateľa 2012
Soggetti:
Tags: Aggiungi Tag
Nessun Tag, puoi essere il primo ad aggiungerne!!

MARC

LEADER 00000nam a2200000 4500
001 0150303
005 20240318115307.2
020 |a 978-80-89363-59-9 
041 0 |a slo 
044 |a SK 
245 1 0 |a Daňové priznania k dani z príjmov za rok 2011  |b praktická príručka pre účtovníkov  |c Iveta Petrovická, Valéria Jarinkovičová, Ľubica Sekerková 
264 1 |a Žilina  |b Poradca podnikateľa  |c 2012 
300 |a 216 s. 
610 2 0 |a dane z príjmov 
610 2 0 |a priznania daňové 
610 2 0 |a osoby fyzické 
610 2 0 |a osoby právnické 
610 2 0 |a zákony 
610 2 0 |a obdobie zdaňovacie 
610 2 0 |a poradenstvo 
610 2 0 |a Slovensko 
100 1 |a Petrovická, Iveta 
700 1 |a Jarinkovičová, Valéria 
700 1 |a Sekerková, Ľubica